Statistics for EU one million cities

Click here to take the quiz!

General Stats

  • This quiz has been taken 110 times
  • The average score is 15 of 18

Answer Stats

Population City % Correct
8 308 369London
100%
3 233 527Madrid
100%
2 799 350Rome
99%
3 517 424Berlin
98%
2 181 374Paris
98%
1 366 409Milan
97%
1 620 743Barcelona
92%
1 763 912Vienna
90%
1 388 308Munich
86%
1 711 324Warsaw
86%
1 085 417Birmingham
81%
1 740 041Budapest
78%
1 742 707Hamburg
76%
1 246 780Prague
76%
1 138 854Brussels
74%
1 883 425Bucharest
71%
1 241 396Sofia
60%
1 024 373Cologne
52%

Score Distribution

Percentile by Number Answered

Percent of People with Each Score

Your Score History

You have not taken this quiz